U.S. State Flags Tile Select - Statistics

General Stats
  • This quiz has been taken 7 times
  • The average score is 47 of 61
Answer Stats
Question Tile Select % Correct
flags of states that border the Pacific No
100%
flags of states that border the Pacific No
100%
flags of states that border the Pacific No
100%
flags of states that border the Pacific No
100%
flags of states with a population over 10 million No
100%
flags of states with a population over 10 million No
100%
flags of states with a population over 10 million No
100%
flags of states with a population over 10 million No
100%
flags of states that start with the letter N No
100%
flags of states that start with the letter N No
100%
flags of states that start with the letter N No
100%
flags of states that start with the letter N No
100%
flags of states that start with the letter N No
100%
flags of states that start with the letter N No
100%
flags of states that start with the letter N No
100%
flags of states that voted for Trump in 2020 No
100%
flags of states that voted for Trump in 2020 No
100%
flags of states that voted for Trump in 2020 No
100%
flags of states in New England No
100%
flags of states in New England No
100%
flags of states in New England No
100%
flags of states that border the Pacific Yes
80%
flags of states that border the Pacific Yes
80%
flags of states that border the Pacific Yes
80%
flags of states that border the Pacific Yes
80%
flags of states with a population over 10 million No
80%
flags of states with a population over 10 million Yes
80%
flags of states with a population over 10 million No
80%
flags of states that start with the letter N Yes
80%
flags of states that start with the letter N Yes
80%
flags of states that start with the letter N Yes
80%
flags of states that start with the letter N No
80%
flags of states that voted for Trump in 2020 Yes
80%
flags of states that voted for Trump in 2020 No
80%
flags of states that voted for Trump in 2020 Yes
80%
flags of states that voted for Trump in 2020 No
80%
flags of states that voted for Trump in 2020 Yes
80%
flags of states that voted for Trump in 2020 No
80%
flags of states in New England No
80%
flags of states in New England No
80%
flags of states in New England No
80%
flags of states that border the Pacific Yes
60%
flags of states with a population over 10 million Yes
60%
flags of states with a population over 10 million Yes
60%
flags of states with a population over 10 million Yes
60%
flags of states that start with the letter N Yes
60%
flags of states that start with the letter N Yes
60%
flags of states that voted for Trump in 2020 Yes
60%
flags of states in New England Yes
60%
flags of states in New England Yes
60%
flags of states in New England Yes
60%
flags of states in New England Yes
60%
flags of states in New England Yes
60%
flags of states in New England Yes
60%
flags of states with a population over 10 million Yes
40%
flags of states that start with the letter N Yes
40%
flags of states that start with the letter N Yes
40%
flags of states that voted for Trump in 2020 Yes
40%
flags of states that voted for Trump in 2020 Yes
40%
flags of states with a population over 10 million Yes
20%
flags of states that start with the letter N Yes
20%
No matching quizzes found
Score Distribution
Percent of People with Each Score
Percentile by Number Answered
Your Score History
You have not taken this quiz